H2O: Just Add Water Intro Lyrics - Statistics

General Stats
  • This quiz has been taken 288 times
  • The average score is 63 of 79
Answer Stats
Answer % Correct
I
98%
a
95%
no
93%
no
93%
no
93%
girl
91%
girl
91%
girl
91%
I'm
91%
I'm
91%
I'm
91%
I'm
91%
I'm
91%
I'm
91%
or
91%
or
91%
power
89%
power
89%
got
88%
got
88%
ordinary
88%
ordinary
88%
ordinary
88%
the
87%
the
87%
the
87%
the
87%
the
87%
the
87%
special
84%
to
84%
not
83%
afraid
82%
that
82%
and
80%
'Cause
80%
'Cause
80%
is
80%
is
80%
I've
80%
I've
80%
use
80%
deep
79%
deep
79%
my
79%
my
79%
my
79%
this
79%
This
79%
just
78%
on
77%
adventure
76%
come
76%
fantasy
76%
blue
74%
blue
74%
from
74%
from
74%
if
73%
underworld
73%
underworld
73%
ocean
72%
So
72%
believe
71%
free
71%
in
71%
sea
71%
sea
71%
world's
71%
all
68%
living
68%
wild
68%
bein'
65%
It's
65%
about
64%
Land
61%
Land
61%
oyster
58%
pearl
58%
No matching quizzes found
Score Distribution
Percent of People with Each Score
Percentile by Number Answered
Your Score History
You have not taken this quiz